Statistics for Top 10 Smallest Countries By Area

Click here to take the quiz!

General Stats

  • This quiz has been taken 68 times
  • The average score is 8 of 10

Answer Stats

HintAnswer% Correct
0.44 km²Vatican city
100%
2.02 km²Monaco
97%
160 km²Liechtenstein
95%
61 km²San Marino
95%
21 km²Nauru
92%
26 km²Tuvalu
82%
316 km²Malta
79%
261 km²Saint Kitts and Nevis
66%
298 km²Maldives
60%
181 km²Marshall Islands
60%

Score Distribution

Percentile by Number Answered

Percent of People with Each Score

Your Score History

You have not taken this quiz